000 01499cam a2200373 a 4500
001 15527578
003 OSt
005 20150408113958.0
008 111214s2009 enka 001 0 eng
010 _a 2008049521
015 _aGBA905930
_2bnb
016 7 _a014883302
_2Uk
020 _a9780199558254
020 _a0199558256
035 _a(OCoLC)ocn276140381
040 _aDLC
_cDLC
_dBTCTA
_dYDXCP
_dBWKUK
_dBWK
_dUKM
_dCDX
_dDLC
043 _ae-uk---
050 0 0 _aPR605.M68
_bM68 2009
082 _a821.91409
_bM O R
245 0 4 _aThe Movement reconsidered :
_bessays on Larkin, Amis, Gunn, Davie, and their contemporaries /
_cedited by Zachary Leader.
250 _a1st ed.
260 _aOxford ;
_aNew York :
_bOxford University Press,
_c2009.
300 _aviii, 336 p. :
_bill. ;
_c23 cm.
500 _aIncludes index.
504 _aIncludes bibliographical references and index.
650 0 _aEnglish poetry
_y20th century
_xHistory and criticism.
_98245
650 0 _aMovement, The (English poetry)
_98392
700 1 _aLeader, Zachary.
_96791
856 4 2 _3Contributor biographical information
_uhttp://www.loc.gov/catdir/enhancements/fy0916/2008049521-b.html
856 4 2 _3Publisher description
_uhttp://www.loc.gov/catdir/enhancements/fy0916/2008049521-d.html
906 _a7
_bcbc
_corignew
_d1
_eecip
_f20
_gy-gencatlg
942 _2ddc
_cDVD
999 _c19748
_d254248